Ballon d'Or Nominees 2014-2024 - Statistics

General Stats
  • This quiz has been taken 5,234 times
  • The average score is 66 of 137
Answer Stats
Players % Correct
Argentina Lionel Messi
97%
Portugal Cristiano Ronaldo
96%
Norway Erling Haaland
94%
France Kylian Mbappé
92%
Croatia Luka Modrić
89%
Poland Robert Lewandowski
89%
Belgium Kevin de Bruyne
87%
Egypt Mohamed Salah
87%
Brazil Neymar
87%
France Karim Benzema
86%
England Harry Kane
85%
England Jude Bellingham
85%
Spain Rodri
85%
Senegal Sadio Mané
85%
Uruguay Luis Suárez
82%
Netherlands Virgil van Dijk
80%
South Korea Son Heung-min
79%
Wales Gareth Bale
77%
Germany Manuel Neuer
77%
Brazil Vinícius Júnior
76%
France Antoine Griezmann
75%
Algeria Riyad Mahrez
74%
Norway Martin Ødegaard
71%
Sweden Zlatan Ibrahimović
71%
Belgium Eden Hazard
69%
Argentina Lautaro Martínez
69%
Germany Toni Kroos
69%
Germany Thomas Müller
68%
Argentina Emiliano Martínez
66%
Colombia James Rodríguez
66%
Belgium Thibaut Courtois
66%
Spain Andrés Iniesta
65%
Portugal Bernardo Silva
65%
Spain Lamine Yamal
65%
Gabon Pierre-Emerick Aubameyang
64%
Nigeria Victor Osimhen
64%
Italy Jorginho
63%
Netherlands Arjen Robben
62%
Chile Alexis Sánchez
60%
France N'Golo Kanté
60%
Belgium Romelu Lukaku
60%
Spain Sergio Ramos
60%
Argentina Ángel Di María
59%
Uruguay Edinson Cavani
59%
South Korea Kim Min-jae
59%
England Phil Foden
59%
Georgia Khvicha Kvaratskhelia
58%
Portugal Rúben Dias
58%
Uruguay Federico Valverde
57%
Italy Gianluigi Buffon
56%
Colombia Luis Díaz
56%
France Paul Pogba
56%
Spain Daniel Carvajal
55%
Portugal Bruno Fernandes
54%
Germany Philipp Lahm
54%
England Bukayo Saka
53%
Chile Arturo Vidal
51%
Turkey Hakan Çalhanoğlu
50%
Slovenia Jan Oblak
50%
Germany> Florian Wirtz
49%
Switzerland Granit Xhaka
49%
Germany> Jamal Musiala
49%
Spain Pedri
49%
Portugal Pepe
49%
Italy Gianluigi Donnarumma
48%
Croatia Ivan Rakitić
48%
Argentina Julián Álvarez
48%
Brazil Alisson
47%
Italy Giorgio Chiellini
47%
Argentina Sergio Agüero
47%
Italy Leonardo Bonucci
46%
France Raphaël Varane
46%
Bosnia and Herzegovina Edin Džeko
45%
Ivory Coast Yaya Touré
45%
Netherlands Frenkie de Jong
42%
Brazil Casemiro
41%
England Declan Rice
41%
Argentina Gonzalo Higuaín
41%
Germany> Joshua Kimmich
41%
Brazil Marcelo
41%
Nigeria Ademola Lookman
39%
Ukraine Artem Dovbyk
39%
England Cole Palmer
39%
Brazil Roberto Firmino
39%
Germany> Mats Hummels
38%
England Trent Alexander-Arnold
38%
France Hugo Lloris
37%
England Raheem Sterling
37%
Morocco Yassine Bounou
37%
England Jamie Vardy
35%
Netherlands Matthijs de Ligt
35%
Argentina Paulo Dybala
35%
Portugal Rafael Leão
35%
Uruguay Diego Godín
34%
Germany> Marc-André ter Stegen
33%
Croatia Mario Mandžukić
33%
Spain Nico Williams
33%
Colombia Radamel Falcao
33%
Germany> Antonio Rüdiger
32%
Croatia Joško Gvardiol
32%
Germany Mario Götze
32%
Italy Nicolò Barella
31%
Germany Bastian Schweinsteiger
30%
Portugal Vitinha
30%
Spain Dani Olmo
29%
Argentina Javier Mascherano
28%
Cameroon André Onana
27%
Serbia Dušan Vlahović
27%
Germany> İlkay Gündoğan
27%
Portugal João Cancelo
27%
France William Saliba
27%
Senegal Kalidou Koulibaly
26%
Uruguay Darwin Núñez
25%
Portugal João Félix
25%
Spain Diego Costa
24%
Brazil Marquinhos
24%
Brazil Philippe Coutinho
24%
Spain Álex Grimaldo
23%
Spain Isco
22%
Brazil David Luiz
21%
Serbia Dušan Tadić
21%
Spain David de Gea
20%
Denmark Simon Kjær
20%
Brazil Fabinho
19%
Belgium Dries Mertens
18%
Netherlands Georginio Wijnaldum
17%
Ivory Coast Sébastien Haller
16%
England Mason Mount
15%
France Mike Maignan
15%
France Randal Kolo Muani
14%
Portugal Rui Patrício
14%
Netherlands Donny van de Beek
13%
Spain Koke
13%
France Dimitri Payet
11%
Spain Cesar Azpilicueta
8%
France Christopher Nkunku
8%
Spain Gerard Moreno
5%
No matching quizzes found
Score Distribution
Percent of People with Each Score
Percentile by Number Answered
Your Score History
You have not taken this quiz